Central Library OPAC University of Rajshahi

The future of diplomacy after COVID-19 : (Record no. 82097)

MARC details
000 -LEADER
fixed length control field 01311nam a2200373 a 4500
001 - CONTROL NUMBER
control field 82097
003 - CONTROL NUMBER IDENTIFIER
rucl marc code BD-RjUL
005 - DATE AND TIME OF LATEST TRANSACTION
control field 20231012112210.0
008 - FIXED-LENGTH DATA ELEMENTS--GENERAL INFORMATION
fixed length control field 210104s2021 enk b 001 0 eng
020 ## - INTERNATIONAL STANDARD BOOK NUMBER
International Standard Book Number 9780367764029
Qualifying information (paperback)
International Standard Book Number 9780367764036
Qualifying information (hardback)
Canceled/invalid ISBN 9781003166801
Qualifying information (ebook)
035 ## - SYSTEM CONTROL NUMBER
System control number (BD-RjUL)82097
040 ## - CATALOGING SOURCE
Original cataloging agency DLC
Language of cataloging eng
Description conventions rda
Transcribing agency DLC
Modifying agency BD-RjUL
041 ## - LANGUAGE CODE
Language code of text/sound track or separate title eng
082 00 - DEWEY DECIMAL CLASSIFICATION NUMBER
Edition number 23
Classification number 327.2
Author mark and year FUT 2021
245 04 - TITLE STATEMENT
Title The future of diplomacy after COVID-19 :
Remainder of title multilateralism and the global pandemic /
Statement of responsibility, etc. edited by Hana Alhashimi [and five others].
263 ## - PROJECTED PUBLICATION DATE
Projected publication date 2106
264 #1 - PRODUCTION, PUBLICATION, DISTRIBUTION, MANUFACTURE, AND COPYRIGHT NOTICE
Place of production, publication, distribution, manufacture Abingdon, Oxon ;
-- New York, NY :
Name of producer, publisher, distributor, manufacturer Routledge,
Date of production, publication, distribution, manufacture, or copyright notice 2021.
300 ## - PHYSICAL DESCRIPTION
Pagination pages cm
336 ## - CONTENT TYPE
Content type term text
Content type code txt
Source rdacontent
337 ## - MEDIA TYPE
Media type term unmediated
Media type code n
Source rdamedia
338 ## - CARRIER TYPE
Carrier type term volume
Carrier type code nc
Source rdacarrier
504 ## - BIBLIOGRAPHY, ETC. NOTE
Bibliography, etc Includes bibliographical references and index.
650 #0 - SUBJECT ADDED ENTRY--TOPICAL TERM
Topical term or geographic name as entry element International cooperation.
Topical term or geographic name as entry element International relations.
9 (RLIN) 7779
Topical term or geographic name as entry element International economic relations.
9 (RLIN) 4044
Topical term or geographic name as entry element Sustainable development
General subdivision International cooperation.
9 (RLIN) 9496
Topical term or geographic name as entry element COVID-19 (Disease)
General subdivision Political aspects.
9 (RLIN) 9497
Topical term or geographic name as entry element COVID-19 (Disease)
General subdivision Economic aspects.
9 (RLIN) 2638
700 1# - ADDED ENTRY--PERSONAL NAME
Personal name Alhashimi, Hana,
Relator term editor.
942 ## - ADDED ENTRY ELEMENTS (KOHA)
Source of classification or shelving scheme Dewey Decimal Classification
Koha item type Books
Holdings
Lost status Source of classification or shelving scheme Damaged status Not for loan Collection code Permanent Location Current Location Shelving location Date acquired Source of acquisition Cost, normal purchase price Total Checkouts Full call number Date last seen Copy number Koha item type
  Dewey Decimal Classification   Not For Loan Non-fiction Central Library, University of Rajshahi Central Library, University of Rajshahi Reading Room 05/06/2023 Dhaka: Omni Concept 2121.79   327.2 FUT 2021 12/10/2023 C-1 Books
  Dewey Decimal Classification     Non-fiction Central Library, University of Rajshahi Central Library, University of Rajshahi General Stacks 05/06/2023 Dhaka: Omni Concept 2121.79   327.2 FUT 2021 12/10/2023 C-2 Books
  Dewey Decimal Classification     Non-fiction Central Library, University of Rajshahi Central Library, University of Rajshahi General Stacks 05/06/2023 Dhaka: Omni Concept 2121.79   327.2 FUT 2021 12/10/2023 C-3 Books